Quizzes
Events
Quiz Creation
Community
Videos
Private Events
Remove Ads
Sign In
Join for FREE
Feedback
Dark Mode
Quiz Categories
Sports
Geography
Music
Movies
Television
Just For Fun
Miscellaneous
History
Literature
Language
Science
Gaming
Entertainment
Religion
Holiday
For Kids
Quiz Lab
Recent
Popular Today
Quiz Kudos Today
Editor Picks
Curator Picks
Quizzes by...
Day
Popularity
Type
Ratings
Length
Year
Community
Subscriptions
Recent Discussions
Orange Saloon
Badges
Playlists
Quests
Create
Leaderboards
Showdown
Live 5
Trivia Bingo
Activity
Puzzle Library
Sporcle Events
Private Events
Virtual Trivia
Globe League
Become a Host
Pub Owners
SporcleCon
Opinionation
Our Games
Videos
Blog
Mobile Apps
Partnerships
Remove Ads and Go Orange
Feedback
Literature
Harry Potter
A Song of Ice and Fire
The Hunger Games
Literary Character
Shakespeare
Book
Author
Novel
Poem
Young Adult
Children's Books
Play
Lord of the Rings
Literature
Harry Potter
A Song of Ice and Fire
The Hunger Games
Literary Character
Shakespeare
Book
Author
Novel
Poem
Young Adult
Children's Books
Play
Lord of the Rings
Random Quiz
Search Sporcle
×
Quiz Lab
Quiz Lab
Literature
Author
Type in answers that appear in a list
Type in answers that appear in a list
Classic
Best Score? Go Orange.
Anne Rice Vampires Stats
Can you name the Anne Rice Vampires?
By
FlameShadow1
10m
14 Questions
367 Plays
367 Plays
367 Plays
Comments
Comments
Give Quiz Kudos
Give Quiz Kudos
-
- Ratings
hide this ad
Random Order
Randomize order of answers
Randomize order of answers
Replay
Link that replays current quiz
Next Quiz
Link to next quiz in quiz playlist
You Got
0%
They Got
Avg Score
65%
Avg Friend Score
Upgrade to see
Score Distribution
Jump to the score distribution portion of the page
Score
0/14
Timer
10:00
0
Plays Today
remember the novels!
% Correct
He is the Brat Prince
Lestat
98.6%
The fist book in the series is from his point of view
Louis
94.6%
She is turned as a child.
Claudia
91.6%
He was once the leader of
Armand
85%
She is the first. She is the Queen
Akasha
82.6%
Before being turned he was a proud Roman Senator
Marius
80.7%
He worked for the Talamasca
David
73.6%
remember the novels!
% Correct
She was once the companion to a former Roman Senator
Pandora
73%
He is the King for a time.
Enkil
55.3%
He is the only male vampire in the new tale series.
Vittorio
46%
She is a Mayfair. Her daughter left with Ash
Mona
37.1%
While growing up he lived on Blackwood Farm
Quinn
36.8%
They are the red headed twins
Mekare and Maharet
36%
She asks to be turned in the first book to care for a child that can not die
Madeleine
31.6%
Quiz Playlist
Details
Report
Send in Message
Add To Playlist
Classic:
Type in answers that appear in a list
Random Order:
Randomize order of answers
Last Updated: Feb 16, 2017
Quiz Scoreboard
CHALLENGE
Sign Up to Join the Scoreboard
Show All
Scores
Hide
Comments
May contain spoilers
Recently Published
One Thing in Common: World Cities II
by knightlancer
Geography
7m
Popular People in 1961
by mucciniale
History
6m
1-10 Letter E Words III
by El_Dandy
Language
2m
More to Explore
Quiz From the Vault
Featured Blog Post
Where Did the Easter Bunny Come From?
hide this ad
You Might Also Like...
Tags
Author Quiz
Novel Quiz
anne
Anne Rice
Remember
rice
Vampire
Today's Top Quizzes in Literature
Browse Literature
hide this ad
Today's Top Quizzes in Author
Browse Author
Top Contributed Quizzes in Literature
1
Sneaky Slytherin Logic Puzzle
2
Get The Picture: Black or White Literature
3
One Thing in Common: Literature
4
Weasley Family Reunion: Logic Puzzle
5
Lily Potter Start to Finish
6
James Potter Start to Finish
7
ASOIAF Logic Puzzle [Difficult] [Read Note first!!]
8
One piece logic quiz 3 (Hard difficulty)
9
One Thing in Common: Books
10
Harry Potter and the Philosopher's Stone Logic Puzzle
Explore More
Trending Topics
Anime
Marvel
NBA
Disney
Harry Potter
Crossword
Kpop
Puzzle
Pokémon
The Office
Country
Song
WWE
NFL
Soccer
hide this ad
More By:
FlameShadow1
Quiz
Plays
Rating
Category
Featured
Created
Anne Rice Vampires
367
3.67
Literature
Nov 13, 2010
Name that Hitchhiker
56
3.00
Literature
Nov 9, 2010
Go to Creator's Profile
Score Distribution
Quiz Creator Spotlight
FlameShadow1
Follow
Send a Message
Quizzes Created
-
Created Quiz Play Count
-
More By This Creator
Popular Quizzes Today
1
Find the US States - No Outlines Minefield
2
Find the Countries of Europe - No Outlines Minefield
3
The Countries of the World
4
Popular People in 1961
5
1-10 Letter E Words III
6
Find the US States
7
One Thing in Common: World Cities II
8
US States
More Literature Quizzes
A Literary Logic Puzzle
Published
Trending Quizzes
Risky Map Clicking: Least Populous States A-Z
1-10 Letter F Words
1-10 Letter G Words
One Thing in Common: United Kingdom
Risky Map Clicking: Biggest States A-Z
Recently Updated
Leaping Animals
pecheneg
Reality TV Shows (A-Z)
bhenderson79
Rickey Henderson's Hall of Fame Teammates
pecheneg
Champions League XIs: Arsenal
pecheneg
Quick Pick: Celebrities in WWE's Hall of Fame
aduchscher
A-Z Keypad Blitz II
pecheneg
Multiple Oscar Actors
pecheneg
Mystery Phrase Blitz: Oscar 'Best Actors'
pecheneg
F. Scott Fitzgerald Novels
LTH
Pick 3 Villains
ddd62291
Trending Topics
Disney
Kpop
Marvel
Crossword
NBA
Anime
Harry Potter
Pokémon
The Office
Puzzle
Soccer
Song
Country
NFL
WWE
Your Account Isn't Verified!
In order to create a playlist on Sporcle, you need to verify the email address you used during registration. Go to your
Sporcle Settings
to finish the process.
Report this User
Report this user for behavior that violates our
Community Guidelines
.
Details:
Send Report
Go to the Sporcle.com Mobile Site →
Comments